000
00298nam a2200145Ia 4500
100
_a
Mcgregor
650
_a
General
942
_c
BK
654
_a
Enterprises
245
_a
Human Side Of Enterprise
260
_b
Tata McGraw Hill
_c
2001
082
_a
658.3
300
_a
246
546
_a
ENGLISH
999
_c
24345
_d
24345